书目信息 |
| 题名: |
近代科学的奠基人
|
|
| 作者: | 王兵 编著 | |
| 分册: | ||
| 出版信息: | 长春 吉林科学技术出版社 2012 |
|
| 页数: | 118页 | |
| 开本: | 23cm | |
| 丛书名: | 世界五千年科技故事丛书 | |
| 单 册: | ||
| 中图分类: | K835.616.13=41 , K835.616 | |
| 科图分类: | ||
| 主题词: | 化学家--生平事迹--英国--近代 , 化学家 | |
| 电子资源: | ||
| ISBN: | 978-7-5384-6084-1 | |
| 000 | 01015nam0 2200301 450 | |
| 001 | 2376463377 | |
| 005 | 20231129014619.52 | |
| 010 | @a978-7-5384-6084-1@dCNY33.00 | |
| 090 | @aK835.616.13@bwb | |
| 100 | @a20140429d2012 em y0chiy50 ea | |
| 101 | 0 | @achi |
| 102 | @aCN@b220000 | |
| 105 | @ay z 000yb | |
| 200 | 1 | @a近代科学的奠基人@Ajin dai ke xue de dian ji ren@e罗伯特·波义尔的故事@f王兵编著 |
| 210 | @a长春@c吉林科学技术出版社@d2012 | |
| 215 | @a118页@d23cm | |
| 225 | 2 | @@a世界五千年科技故事丛书 |
| 330 | @a本书内容包括奇怪,紫罗兰变色了;安妮哭了;配置墨水的先驱者;世外桃源;名师出高徒;小针眼里的大世界等。 | |
| 410 | 0 | @12001 @a世界五千年科技故事丛书 |
| 517 | 1 | @a罗伯特·波义尔的故事@9luo bo te· bo yi er de gu shi |
| 606 | 0 | @a化学家@x生平事迹@y英国@z近代 |
| 606 | 0 | @a化学家 |
| 610 | 0 | @a波义尔(Boyle, Robert; 1627-1691) |
| 690 | @aK835.616.13=41@v5 | |
| 690 | @aK835.616@v4 | |
| 701 | 0 | @a王兵@Awang bing@4编著 |
| 801 | 0 | @aCN@bNLC@c20140429 |
| 905 | @aZUCC@dK835.616@e10 | |
| 近代科学的奠基人:罗伯特·波义尔的故事/王兵编著.-长春:吉林科学技术出版社,2012 |
| 118页;23cm.-(世界五千年科技故事丛书) |
| ISBN 978-7-5384-6084-1:CNY33.00 |
| 本书内容包括奇怪,紫罗兰变色了;安妮哭了;配置墨水的先驱者;世外桃源;名师出高徒;小针眼里的大世界等。 |
| ● |
| 相关链接 |
|
|
|
正题名:近代科学的奠基人
索取号:K835.616/10
 
预约/预借
| 序号 | 登录号 | 条形码 | 馆藏地/架位号 | 状态 | 备注 |
| 1 | 2000993730 | 2000993730 | 第四书库/四30架B面1层2列/ [索取号:K835.616/10] | 在馆 | |
| 2 | 2000993731 | 2000993731 | 第四书库/四30架B面1层2列/ [索取号:K835.616/10] | 在馆 | |
| 3 | 2000993732 | 2000993732 | 第四书库/四30架B面1层2列/ [索取号:K835.616/10] | 在馆 | |
| 4 | 2000993733 | 2000993733 | 第四书库/四30架B面1层2列/ [索取号:K835.616/10] | 在馆 | |
| 5 | 2000993734 | 2000993734 | 第四书库/四30架B面1层2列/ [索取号:K835.616/10] | 在馆 | |
| 6 | 2000993735 | 2000993735 | 第四书库/四30架B面1层2列/ [索取号:K835.616/10] | 在馆 |